000 01743nam a2200241Ia 4500
003 OSt
005 20251117121214.0
008 210210b2008 xxu||||| |||| 00| 0 eng d
040 _cAL
041 _aKannada
082 _aK894.301 JOGR
100 _aJogi
_dಜೋಗಿ
_9245914
245 _aRayabhagada rahassya ratri
_bರಾಯಭಾಗದ ರಹಸ್ಯ ರಾತ್ರಿ
260 _aBengaluru
_bAnkita Pustaka
_c2008
300 _a106
520 _aಇವತ್ತಿನ ಮಕ್ಕಳಿಗೆ ದೆವ್ವಗಳೆಂದರೆ ಟೀವಿ ಸೀರಿಯಲ್ಲುಗಳಲ್ಲಿ, ಸಿನಿಮಾಗಳಲ್ಲಿ ಕಾಣುವ ಸಂಗತಿಗಳಾಗಿ ಉಳಿದಿವೆ. ಹಳ್ಳಿಗಳಲ್ಲೂ ಅಷ್ಟಾಗಿ ದೆವ್ವಗಳಿದ್ದಂತಿಲ್ಲ. ನಾವೆಲ್ಲ ಬುದ್ಧಿವಂತರೂ ತರ್ಕಬದ್ಧವಾಗಿ ಯೋಚಿಸಬಲ್ಲವರೂ ಜಾಣರೂ ಆದ ಮೇಲೆ ದೆವ್ವಗಳೆಲ್ಲ ಅಸ್ತಿತ್ವ ಕಳಕೊಂಡು ಬಿಟ್ಟಿವೆ. ಆದರೆ ದೆವ್ವಗಳ ಕತೆಗಳಲ್ಲಿ ಇರುವ ಕುತೂಹಲವನ್ನು ಓದಿದವರೇ ಬಲ್ಲರು. ಇಲ್ಲಿ ಜೋಗಿಯವರು ಬರೆದ ಆರೇಳು ದೆವ್ವದ ಕತೆಗಳಿವೆ. ಒಂದೆರಡು ಬೇಟೆಯ ಕತೆಗಳಿವೆ. ನಿಮಗೆ ದೆವ್ವದ ಕತೆಗಳು ಇಷ್ಟವಾದರೆ ನೀವಿದನ್ನು ಓದಲೇಬೇಕು
650 _aRayabhagada
_9245915
650 _aratri
_9245916
650 _arahassya
_9245917
690 _aKannada Fiction
_9245918
906 _a063117
942 _2ddc
_cBK
999 _c135491
_d135491